000 00963cab a2200253 4500
001 ABS56476
008 090401t1997 xxu||||| |||| 00| 0 eng d
035 _a(Sirsi) u23922
041 _aeng
100 _aTaylor, G.
245 _aCentral links missing in great household debate
260 _c1997
350 _a0
490 _aPlanning (for the Natural and Built Environment)
_v(1201) 17 January 1997, 24-25(2)
520 _aCriticises the government`s autumn 1996 housing green paper for not tackling the key issues on planning for 4.4m additional households before 2016. Addresses what it sees as the three central questions; planning for homes in association with job needs, affordable housing, and sizes and types of homes.
650 _aGREEN PAPER
650 _aHOUSE BUILDING
650 _aHOUSEHOLD PROJECTIONS
650 _aHOUSING DEVELOPMENT
650 _aJOBS
690 _aHOUSING-DEVELOPMENT
942 _n0
948 _c04/03/1997
999 _c16017
_d16017